[Event "Pretoria USSA op"]
[Site "Pretoria"]
[Date "2013.12.06"]
[Round "9"]
[White "Oputu, Ogheneochuko"]
[Black "Bornheim, Craig"]
[Result "1/2-1/2"]
[WhiteElo "1596"]
[BlackElo "2062"]
[PlyCount "82"]
[EventDate "2013.12.02"]
[EventType "swiss"]
[EventRounds "9"]
[EventCountry "RSA"]
[SourceTitle "CBM 158 Extra"]
[Source "ChessBase"]
[SourceDate "2014.02.28"]
[SourceVersion "1"]
[SourceVersionDate "2014.02.28"]
[SourceQuality "1"]

1. e4 c5 2. Nf3 d6 3. Bb5+ Nd7 4. d4 cxd4 5. Qxd4 a6 6. Bxd7+ Bxd7 7. c4 Nf6 8. Bg5 Bc6 9. Nc3 h6 10. Be3 g6 11. Qd3 Bg7 12. Nd4 0-0 13. 0-0 Rc8 14. Nxc6 Rxc6 15. Rac1 Ng4 16. Bd2 Ne5 17. Qh3 h5 18. b3 Re8 19. Kh1 Qb8 20. f4 Ng4 21. Qd3 Qa7 22. Qe2 b6 23. h3 Nf6 24. Qf3 Qd7 25. Be3 b5 26. Nd5 bxc4 27. Nb6 Rxb6 28. Bxb6 Qb7 29. Bd4 cxb3 30. Bxf6 Bxf6 31. axb3 Rb8 32. Qd3 a5 33. Rb1 Qb4 34. Qc4 Qxc4 35. bxc4 Ra8 36. Rb7 a4 37. e5 dxe5 38. fxe5 Bxe5 39. Rxe7 f6 40. Rd1 a3 41. Rdd7 a2 1/2-1/2

[Event "Pretoria USSA op"]
[Site "Pretoria"]
[Date "2013.12.03"]
[Round "3"]
[White "Oputu, Ogheneochuko"]
[Black "Nene, Themba"]
[Result "1/2-1/2"]
[WhiteElo "1596"]
[BlackElo "1886"]
[PlyCount "84"]
[EventDate "2013.12.02"]
[EventType "swiss"]
[EventRounds "9"]
[EventCountry "RSA"]
[SourceTitle "CBM 158 Extra"]
[Source "ChessBase"]
[SourceDate "2014.02.28"]
[SourceVersion "1"]
[SourceVersionDate "2014.02.28"]
[SourceQuality "1"]

1. e4 c5 2. Nf3 Nc6 3. Bb5 Nd4 4. Nxd4 cxd4 5. 0-0 a6 6. Bd3 d6 7. c3 dxc3 8. Nxc3 Nf6 9. Be2 Ng8 10. Bd3 Nf6 11. Be2 e6 12. d4 Be7 13. e5 Nd7 14. Bf4 dxe5 15. dxe5 0-0 16. Bf3 Qa5 17. Qe2 Rb8 18. a3 b5 19. b4 Qb6 20. Rfd1 a5 21. Ne4 axb4 22. axb4 Bxb4 23. Rab1 Be7 24. Nd6 Bxd6 25. Rxd6 Qa5 26. Rc1 Nb6 27. Bd2 Qa4 28. Be4 Nc4 29. Rd4 Bb7 30. Bd3 Qa7 31. Rh4 g6 32. Bxc4 bxc4 33. Rhxc4 Qa2 34. R4c2 Qd5 35. f3 Rbc8 36. Bh6 Rxc2 37. Rxc2 Rc8 38. Rxc8+ Bxc8 39. Qb2 Qb7 40. Qd4 Qd5 41. Qb6 Qb7 42. Qxb7 Bxb7 1/2-1/2